1895 1447 1392 1290 1253 1293 1476 1133 1852 1993 1148 1949 1114 1694 1634 1652 1877 1721 1834 1233 1271 1485 1992 1213 1478 1000 1091 1786 1284 1985 1001 1446 1735 1146 1178 1655 1906 1197 1759 1741 1615 1864 1692 1913 1127 1894 1533 1007 1507 1837 1534 1136 1632 1336 1743 1628 1819 1064 1139 1485 1874 1396 1719 1674 1558 1913 1001 1530 1381 1024 1943 1482 1143 1271 1523 1550 1135 1803 1351 1080 1987 1000 1040 1623 1397 1546 1299 1101 1574 1726 1129 1493 1223 1118 1772 1483 1192 1748 1014 BCNSPRNW ULIB Ver.6.0+V

เปลี่ยนเป็นภาษาไทย

Change to English
 แสดงรายละเอียดบรรณานุกรม
  กลับหน้าหลัก

Brief Record : Get Marc (ISO 2709) : E-mail record : QR code < ปิดหน้าต่าง
LEADER : 00000nam 2200000uu 4500
001    13399113737
003     ULIB
008    111220s2550||||th 000 0 tha d
020    ^a9789748003719
060  0 ^aWA275^bย255บ 2550
100 0  ^aยุทธนา วรุณปิติกุล
245 10 ^aบันทึกโฉมหน้าอุบัติเหตุรถมอเตอร์ไซค์ =^bMotorcycle safety./^cยุทธนา วรุณปิติกุล
246 30 ^aMotorcycle safety diary
250    ^aพิมพ์ครั้งที่ 1
260    ^aกรุงเทพฯ :^bมูนิธิสาธารณสุขแห่งชาติ (มสช.),^c2550
300    ^a255 หน้า :^bภาพประกอบ ;^c22 ซม.
650  4 ^aอุบัติเหตุจักรยานยนต์^xการป้องกัน
650  4 ^aจักรยานยนต์
650  4 ^aอุบัติเหตุทางถนน
700 0  ^aสุพิตา เริงจิต
710 2  ^aมูนิธิสาธารณสุขแห่งชาติ (มสช.)
945    ^p160^l0^i14420
995    ^aกัณชพร
999 ^a ใช้งานได้ทุกระบบ
รายการนี้ยังไม่มีแท็ก
คุณยังไม่ได้ล็อกอิน คุณสามารถมีกิจกรรมร่วมกับเว็บไซต์ได้ แต่ต้องล็อกอินก่อน ::
  ล็อกอิน

รายการสื่อสารสนเทศ

ลำดับที่ ประเภท เลขเรียก/บาร์โค้ด สถานที่ สถานะ
- ไม่พบข้อมูล -

รายการใกล้เคียง
    ผู้แต่ง [ยุทธนา วรุณปิติกุล]

    หัวเรื่อง [จักรยานยนต์]
    หัวเรื่อง [อุบัติเหตุทางถนน]

BibComment


ยังไม่เคยถูกคอมเมนท์

คอมเมนท์ทรัพยากรรายการนี้
  คอมเมนท์: บันทึกโฉมหน้าอุบ..


 Copyright 2026. Bcnsprnw @Library